000 00512nam a2200181 4500
001 127963
003 ES-MaACL
005 20251003063123.0
007 t|
008 070214s1956 sp r ||||1| spa d
100 1 _aRíos, Sixto,
_d1913-2008
_997375
245 1 0 _aComplementos de matemáticas /
_cSixto Ríos.
250 _a7ª. ed.
260 _aMadrid :
_b[s.n.],
_c1956 (
_fNuevas Gráficas)
300 _aVI, 430 p. ;
_c22 cm.
852 _aES-MaACL
_jE-635
_bR.39614
999 _c127963
_d127963